al-Ḥurriyah ʻinda al-ʻArab (Record no. 45399)

MARC details
000 -LEADER
fixed length control field 00566cam a22002051 4500
001 - CONTROL NUMBER
control field ne 63000032
003 - CONTROL NUMBER IDENTIFIER
control field DLC
005 - DATE AND TIME OF LATEST TRANSACTION
control field 20260227111739.0
008 - FIXED-LENGTH DATA ELEMENTS--GENERAL INFORMATION
fixed length control field 900509s1962 le 000 0 ararc
010 ## - LIBRARY OF CONGRESS CONTROL NUMBER
LC control number ne 63000032
035 ## - SYSTEM CONTROL NUMBER
System control number (OCoLC)21500847
040 ## - CATALOGING SOURCE
Original cataloging agency Princeton Univ. Libr.
Transcribing agency WaU
Modifying agency DLC
042 ## - AUTHENTICATION CODE
Authentication code premarc
050 00 - LIBRARY OF CONGRESS CALL NUMBER
Classification number HM271
Item number .H22
100 1# - MAIN ENTRY--PERSONAL NAME
Personal name Ḥaddād, Ibrāhīm.
245 13 - TITLE STATEMENT
Title al-Ḥurriyah ʻinda al-ʻArab
Statement of responsibility, etc. [taʼlīf] Ibrāhīm Ḥaddād.
260 ## - PUBLICATION, DISTRIBUTION, ETC.
Place of publication, distribution, etc. Bayrūt,
Name of publisher, distributor, etc. Dār al-Thaqāfah,
Date of publication, distribution, etc. [1962]
300 ## - PHYSICAL DESCRIPTION
Extent 207 p.
Dimensions 20 cm.
650 #0 - SUBJECT ADDED ENTRY--TOPICAL TERM
Topical term or geographic name entry element Liberty.

No items available.

Powered by Koha